LEADER 01762nam 2200421 a 450 001 9910696493203321 005 20080222091508.0 035 $a(CKB)5470000002377905 035 $a(OCoLC)196287012 035 $a(EXLCZ)995470000002377905 100 $a20080222d2008 ua 0 101 0 $aeng 135 $aurmn||||||||| 181 $ctxt$2rdacontent 182 $cc$2rdamedia 183 $acr$2rdacarrier 200 10$aPrimary care professionals$b[electronic resource] $erecent supply trends, projections, and valuation of services : testimony before the Committee on Health, Education, Labor, and Pensions, U.S. Senate /$fstatement of A. Bruce Steinwald 210 1$a[Washington, D.C.] :$cU.S. Govt. Accountability Office,$d[2008] 215 $a18 pages $cdigital, PDF file 225 1 $aTestimony ;$vGAO-08-472 T 300 $aTitle from title screen (viewed on Feb. 21, 2008). 300 $a"For release ... February 12, 2008." 300 $aPaper version available from: U.S. Govt. Accountability Office, 441 G St., NW, Rm. LM, Washington, D.C. 20548. 320 $aIncludes bibliographical references. 517 $aPrimary care professionals 606 $aPrimary care (Medicine)$zUnited States$xEvaluation 606 $aPhysicians$xSupply and demand$zUnited States 615 0$aPrimary care (Medicine)$xEvaluation. 615 0$aPhysicians$xSupply and demand 700 $aSteinwald$b Bruce$01381591 712 02$aUnited States.$bCongress.$bSenate.$bCommittee on Health, Education, Labor, and Pensions. 712 02$aUnited States.$bGovernment Accountability Office. 801 0$bGPO 801 1$bGPO 906 $aBOOK 912 $a9910696493203321 996 $aPrimary care professionals$93521846 997 $aUNINA